000 00456nam a22001337a 4500
005 20241017083839.0
008 241017b |||||||| |||| 00| 0 eng d
100 _aArtadi, Sabrina.
_eauthor.
_963075
245 _aThe merry malunggay /
_cSabrina Artadi.
260 _aPhilippines;
_bPhilippine Graphic Publishing Inc.,
_cAugust 2019.
300 _aVolume 20, pages 22-23,
_billustration.
700 _aArtadi, Sabrina.
_eauthor.
_963076
942 _2ddc
_cPER
999 _c22631
_d22631